Martín Lutero: una mirada desde la historia, un paseo por sus escritos
Saved in:
| Main Author: | |
|---|---|
| Format: | Book |
| Language: | Spanish |
| Published: |
Salamanca
Ediciones Sígueme
2017
|
| Edition: | 1a. ed |
| Series: | El Peso de los Días, 102
|
| Subjects: | |
| Tags: |
Add Tag
No Tags, Be the first to tag this record!
|
MARC
| LEADER | 00000cam a2200000 a 4500 | ||
|---|---|---|---|
| 001 | UCC1205 | ||
| 003 | CL-VaPUC | ||
| 008 | 171006e20170000sp |||||||||||||||||spa|d | ||
| 020 | |a 9788430119714 | ||
| 082 | 0 | 4 | |a 284.1 |b EGI |2 21 |
| 100 | 0 | |a Egido López, Teófanes |e author |9 595249 | |
| 245 | 1 | 0 | |a Martín Lutero: una mirada desde la historia, un paseo por sus escritos |
| 250 | |a 1a. ed | ||
| 300 | |a 269 p | ||
| 600 | 0 | |a Lutero, Martín |d 1483-1546 |9 859309 | |
| 942 | |c BK | ||
| 945 | |d 20171006 11:09:00 |a arojas | ||
| 260 | |a Salamanca |b Ediciones Sígueme |c 2017 | ||
| 650 | 7 | |a MOVIMIENTOS RELIGIOSOS |2 CL-VaPUC |9 346572 | |
| 650 | 0 | |a Reforma católica |9 432937 | |
| 650 | 0 | |a Protestantismo |9 317293 | |
| 650 | 7 | |a IGLESIA LUTERANA |2 CL-VaPUC |9 595250 | |
| 583 | |a last modification |c 20171006 11:09:00 |k Rodrigo Vera | ||
| 490 | 0 | |a El Peso de los Días, 102 | |
| 999 | |c 369773 |d 369771 | ||
| 952 | |0 0 |1 0 |3 erb |4 0 |6 284_100000000000000_EGI_2017 |7 0 |8 A |9 485866 |a BIBTEO |b BIBTEO |i 542769K |l 1 |m 8 |o 284.1 EGI 2017 |p 542769K |r 2025-04-04 |s 2023-09-22 |w 2019-11-24 |y BK |z Catalogado en:20171006 |k ICR | ||